[Event "Canadian op 50th"]
[Site "Ottawa"]
[Date "2013.07.17"]
[Round "6"]
[White "Cheng, Bindi"]
[Black "Derraugh, Geordie"]
[Result "1/2-1/2"]
[WhiteElo "2406"]
[BlackElo "2120"]
[PlyCount "120"]
[EventDate "2013.07.13"]
[EventType "swiss"]
[EventRounds "9"]
[EventCountry "CAN"]
[SourceTitle "CBM 155 Extra"]
[Source "ChessBase"]
[SourceDate "2013.08.26"]
[SourceVersion "1"]
[SourceVersionDate "2013.08.26"]
[SourceQuality "1"]

1. Nf3 Nf6 2. c4 g6 3. Nc3 d5 4. cxd5 Nxd5 5. Qa4+ Bd7 6. Qh4 Nb6 7. d4 Bg7 8. Bh6 0-0 9. Ng5 f6 10. Bxg7 fxg5 11. Qh6 Rf7 12. Be5 c5 13. e3 Nc6 14. Qxg5 cxd4 15. exd4 Rf5 16. Qg3 Nxe5 17. dxe5 Qc7 18. Be2 Qxe5 19. 0-0 Qxg3 20. hxg3 Bc6 21. Rad1 Raf8 22. b4 Na4 23. Bc4+ Kg7 24. Ne2 Nb2 25. Rc1 Rd8 26. Bb3 Rd6 27. Rc3 Re5 28. Re3 Rxe3 29. fxe3 Rd2 30. Nf4 g5 31. Ne6+ Kh6 32. Rf7 Rxg2+ 33. Kf1 Rxg3 34. Rxe7 Rxe3 35. Kf2 Re5 36. Bc2 Be4 37. Bxe4 Rxe4 38. Rxh7+ Kxh7 39. Nxg5+ Kg6 40. Nxe4 Nd3+ 41. Ke3 Nxb4 42. Nd6 b6 43. a3 Nc6 44. Kd3 Kf6 45. Kc4 Ke6 46. Ne4 a6 47. Nc3 Ke5 48. a4 Na5+ 49. Kb4 Kd4 50. Ne2+ Kd3 51. Nf4+ Ke4 52. Ne6 Nc6+ 53. Kc4 Ne5+ 54. Kb4 Nd3+ 55. Kc4 Nb2+ 56. Kb3 Nd3 57. Kc4 Ne5+ 58. Kb4 Kd5 59. Nc7+ Kc6 60. Nxa6 Kb7 1/2-1/2

[Event "Canadian op 50th"]
[Site "Ottawa"]
[Date "2013.07.16"]
[Round "5"]
[White "Villavieja, Butch"]
[Black "Cheng, Bindi"]
[Result "0-1"]
[WhiteElo "2211"]
[BlackElo "2406"]
[PlyCount "116"]
[EventDate "2013.07.13"]
[EventType "swiss"]
[EventRounds "9"]
[EventCountry "CAN"]
[SourceTitle "CBM 155 Extra"]
[Source "ChessBase"]
[SourceDate "2013.08.26"]
[SourceVersion "1"]
[SourceVersionDate "2013.08.26"]
[SourceQuality "1"]

1. e4 c5 2. c3 d6 3. d4 Nf6 4. dxc5 Nc6 5. Qc2 dxc5 6. Bg5 g6 7. Nf3 Bg7 8. Bc4 0-0 9. 0-0 Qc7 10. Nbd2 Nh5 11. Rfe1 b6 12. Bd5 Bb7 13. Rad1 Kh8 14. a4 h6 15. Bh4 e6 16. Ba2 g5 17. Bg3 Nxg3 18. hxg3 g4 19. Nh2 Ne5 20. Nc4 h5 21. Qc1 Nxc4 22. Bxc4 Qe5 23. Qe3 Rad8 24. Rxd8 Rxd8 25. Nf1 Qf6 26. Qe2 Bh6 27. e5 Qf5 28. Ba6 Bc6 29. Bb5 Ba8 30. Bc4 Kg7 31. Bb5 Bg5 32. Bc4 Bh6 33. Ra1 Kg8 34. Re1 Bg7 35. Bb5 Qg5 36. Bc4 Kf8 37. Bb3 Bb7 38. a5 Bc6 39. axb6 axb6 40. Qa6 Rb8 41. Qd3 Bxe5 42. Qe2 Bf6 43. Rd1 Be7 44. Bc2 Kg7 45. Ne3 b5 46. Qd3 Rh8 47. Qe2 c4 48. Rd4 Rd8 49. Qd1 Qf6 50. Bb1 Rxd4 51. cxd4 Bd8 52. Qc2 Qxd4 53. Qh7+ Kf8 54. Qxh5 Bb6 55. Qh6+ Ke8 56. Qh7 Qd2 57. Nxg4 Qd1+ 58. Kh2 Qxg4 0-1